Corporate financial policy and R & D management

Corporate Financial Policy and R&D Management, Second Edition offers an up-to-date and one-of-a-kind perspective on current corporate R&D management and financial policy. Drawing on U.S. corporate results over the past three-plus decades, it offers a framework for the evaluation of earnings...

Volledige beschrijving

Bewaard in:
Bibliografische gegevens
Hoofdauteur: Guerard, John
Formaat: Boek
Taal:Undetermined
Gepubliceerd in: Hoboken, N.J. Wiley 2005
Onderwerpen:
Tags: Voeg label toe
Geen labels, Wees de eerste die dit record labelt!
Thư viện lưu trữ: Trung tâm Học liệu Trường Đại học Cần Thơ
LEADER 01142nam a2200217Ia 4500
001 CTU_213262
008 210402s9999 xx 000 0 und d
082 |a 658.57 
082 |b G929/2nd 
100 |a Guerard, John 
245 0 |a Corporate financial policy and R & D management 
245 0 |c John B. Guerard, Jr. 
260 |a Hoboken, N.J. 
260 |b Wiley 
260 |c 2005 
520 |a Corporate Financial Policy and R&D Management, Second Edition offers an up-to-date and one-of-a-kind perspective on current corporate R&D management and financial policy. Drawing on U.S. corporate results over the past three-plus decades, it offers a framework for the evaluation of earnings forecasting and R&D expenditure—and makes a convincing case for the statistically significant relationship between R&D investments and stockholder wealth creation 
650 |a Research, Industrial,Corporations,Các tập đoàn,Nghiên cứu công nghiệp 
650 |x Finance,Finance,Tài chính,Tài chính,Quản trị 
650 |y Management 
904 |i Nguyên 
980 |a Trung tâm Học liệu Trường Đại học Cần Thơ